[Event "VIE-ch U15"]
[Site "Hai Phong"]
[Date "2018.07.13"]
[Round "9"]
[White "Nguyen, Khanh Duong"]
[Black "Mai, Le Khoi Nguyen"]
[Result "1/2-1/2"]
[WhiteElo "1802"]
[BlackElo "1810"]
[PlyCount "71"]
[EventDate "2018.07.07"]
[EventType "swiss"]
[EventRounds "9"]
[EventCountry "VIE"]
[SourceTitle "EXT 2019"]
[Source "ChessBase"]
[SourceDate "2018.10.10"]
[SourceVersion "1"]
[SourceVersionDate "2018.10.10"]
[SourceQuality "1"]

1. d4 Nf6 2. Bf4 d5 3. c4 c6 4. e3 Bf5 5. Nc3 e6 6. Qb3 Qb6 7. c5 Qxb3 8. axb3 Nbd7 9. b4 Nh5 10. Bg5 f6 11. Bh4 g5 12. Be2 Bg6 13. Bxh5 Bxh5 14. Bg3 Bg6 15. b5 h5 16. bxc6 bxc6 17. Bc7 Be7 18. Ra6 Kf7 19. h3 Rhc8 20. Bg3 Bd3 21. Ra3 Bc4 22. b3 Bd3 23. Kd2 Bf1 24. h4 g4 25. Rh2 a6 26. Nge2 Bxe2 27. Nxe2 f5 28. Rh1 e5 29. Rha1 f4 30. exf4 exd4 31. b4 Rab8 32. Ra4 a5 33. Rxa5 Rxb4 34. Rc1 Rc4 35. Rxc4 dxc4 36. Nxd4 1/2-1/2

[Event "VIE-ch U15"]
[Site "Hai Phong"]
[Date "2018.07.09"]
[Round "4"]
[White "Nguyen, Khanh Duong"]
[Black "Le, Phuc Nguyen"]
[Result "1-0"]
[WhiteElo "1802"]
[BlackElo "1805"]
[PlyCount "91"]
[EventDate "2018.07.07"]
[EventType "swiss"]
[EventRounds "9"]
[EventCountry "VIE"]
[SourceTitle "EXT 2019"]
[Source "ChessBase"]
[SourceDate "2018.10.10"]
[SourceVersion "1"]
[SourceVersionDate "2018.10.10"]
[SourceQuality "1"]

1. d4 d5 2. Bf4 Nf6 3. c4 e6 4. e3 Be7 5. Nc3 c6 6. Qb3 0-0 7. Nf3 Nbd7 8. h3 Qb6 9. c5 Qxb3 10. axb3 b5 11. b4 Re8 12. Nd2 Bd8 13. Nb3 e5 14. dxe5 Nxe5 15. Bxe5 Rxe5 16. Bd3 a6 17. 0-0 Bc7 18. Nd4 Bd7 19. Ra2 Rg5 20. Kh1 a5 21. Rfa1 a4 22. b3 a3 23. Rxa3 Re8 24. Ra8 Be5 25. Nce2 Ne4 26. Bxe4 dxe4 27. Rxe8+ Bxe8 28. Ra8 Kf8 29. Nxc6 Bc7 30. Rc8 Be5 31. Ned4 Bxd4 32. Nxd4 Ke7 33. Rb8 Rd5 34. Kh2 f5 35. Kg3 g5 36. Nxb5 Rd3 37. Nd6 Bd7 38. b5 h5 39. b6 f4+ 40. Kh2 fxe3 41. fxe3 g4 42. b7 Rxe3 43. hxg4 hxg4 44. Rg8 Rxb3 45. b8Q g3+ 46. Kg1 1-0

[Event "VIE-ch U15"]
[Site "Hai Phong"]
[Date "2018.07.07"]
[Round "2"]
[White "Nguyen, Khanh Duong"]
[Black "Le, Nhat Khanh Huy"]
[Result "1/2-1/2"]
[WhiteElo "1802"]
[BlackElo "1809"]
[PlyCount "44"]
[EventDate "2018.07.07"]
[EventType "swiss"]
[EventRounds "9"]
[EventCountry "VIE"]
[SourceTitle "EXT 2019"]
[Source "ChessBase"]
[SourceDate "2018.10.10"]
[SourceVersion "1"]
[SourceVersionDate "2018.10.10"]
[SourceQuality "1"]

1. d4 f5 2. Nf3 g6 3. g3 Nf6 4. Bg2 Bg7 5. 0-0 0-0 6. c4 d6 7. Nc3 c6 8. Re1 Ne4 9. Qc2 d5 10. Bf4 e6 11. Be5 Bh6 12. Bxb8 Rxb8 13. Ne5 Bg7 14. f4 g5 15. e3 Bd7 16. Nxe4 fxe4 17. Qe2 gxf4 18. exf4 Be8 19. c5 Bg6 20. b4 Qe8 21. a4 b6 22. cxb6 Rxb6 1/2-1/2

[Event "VIE-ch U11"]
[Site "Ho Chi Minh City"]
[Date "2014.07.16"]
[Round "6"]
[White "Dang, Bao Thien"]
[Black "Nguyen, Khanh Duong"]
[Result "1/2-1/2"]
[WhiteElo "1927"]
[BlackElo "1985"]
[PlyCount "62"]
[EventDate "2014.07.13"]
[EventType "swiss"]
[EventRounds "9"]
[EventCountry "VIE"]
[SourceTitle "EXT 2016"]
[Source "ChessBase"]
[SourceDate "2015.10.08"]
[SourceVersion "1"]
[SourceVersionDate "2015.10.08"]
[SourceQuality "1"]

1. e4 e6 2. d4 d5 3. e5 c5 4. c3 Qb6 5. Nf3 Nc6 6. Qb3 Qxb3 7. axb3 cxd4 8. cxd4 Bb4+ 9. Bd2 Bxd2+ 10. Nbxd2 Nge7 11. Bb5 Bd7 12. 0-0 0-0 13. Bxc6 Nxc6 14. h3 Rfc8 15. Rfc1 a6 16. Rc3 Nb4 17. Ne1 Rc6 18. Rac1 Rac8 19. Rc5 b6 20. Rxc6 Rxc6 21. Rc3 h6 22. Kf1 Kf8 23. Ke2 Ke7 24. Nd3 Na2 25. Rxc6 Bxc6 26. Nf4 a5 27. Nh5 g6 28. Nf4 h5 29. g4 hxg4 30. hxg4 Bb5+ 31. Kd1 Nb4 1/2-1/2

[Event "VIE-ch U11"]
[Site "Ho Chi Minh City"]
[Date "2014.07.14"]
[Round "3"]
[White "Nguyen, Khanh Duong"]
[Black "Le, Phuc Nguyen"]
[Result "1/2-1/2"]
[WhiteElo "1985"]
[BlackElo "1942"]
[PlyCount "40"]
[EventDate "2014.07.13"]
[EventType "swiss"]
[EventRounds "9"]
[EventCountry "VIE"]
[SourceTitle "EXT 2016"]
[Source "ChessBase"]
[SourceDate "2015.10.08"]
[SourceVersion "1"]
[SourceVersionDate "2015.10.08"]
[SourceQuality "1"]

1. e4 c5 2. Nf3 d6 3. d4 cxd4 4. Nxd4 Nf6 5. Nc3 g6 6. Be3 Bg7 7. f3 a6 8. Qd2 Nc6 9. g4 Qc7 10. h4 e5 11. Nxc6 bxc6 12. 0-0-0 Bf8 13. Bh6 Bxh6 14. Qxh6 Be6 15. Qg5 Qe7 16. a3 0-0 17. h5 Rfd8 18. hxg6 fxg6 19. Bd3 Nd5 20. Qxe7 Nxe7 1/2-1/2